Surnom de grégoire - Statistiques

Statistiques générales
  • Ce quiz a été pris 6 fois
  • Le résultat moyen est 5 sur 8
Statistiques - réponses
Hint Réponse % Correct
B_______ Blagadel
100%
A_____ B_____ Aougla Bougba
83%
B________ Boulgudou
83%
G_______ Glagloul
83%
G______ Glégoil
83%
G____________ Glababoulgour
50%
G________ Glabadoul
17%
G_________ Grégorillo
17%
Aucun quiz correspondant
Distribution des résultats
% des personnes avec chaque résultat
Percentile par nombre de réponses
Votre historique - résultats
Vous n’avez pas pris ce quiz